[Event "SR 1. liga zapad 2010/2011"]
[Site "?"]
[Date "2011.02.12"]
[Round "6.4"]
[White "Berek, Geza"]
[Black "Martiska, Peter"]
[Result "1/2-1/2"]
[WhiteElo "2216"]
[BlackElo "2249"]
[PlyCount "53"]
[EventDate "2010.??.??"]

1. e4 c6 2. d4 d5 3. exd5 cxd5 4. Bd3 Nc6 5. c3 g6 6. Nf3 Bg7 7. O-O Nh6 8. Re1
O-O 9. h3 f6 10. c4 e6 11. cxd5 exd5 12. Nc3 Nf5 13. Bxf5 Bxf5 14. Qb3 Qb6 15.
Qxb6 axb6 16. Nxd5 Rad8 17. Ne7+ Nxe7 18. Rxe7 Rf7 19. Rxf7 Kxf7 20. Bf4 g5 21.
Bc7 Rd5 22. b3 b5 23. Rc1 Bf8 24. Bb6 Rd7 25. Ne1 Ba3 26. Rd1 Bb4 27. Nd3
1/2-1/2

[Event "SR 1. liga zapad 2010/2011"]
[Site "?"]
[Date "2011.02.12"]
[Round "6.4"]
[White "Beres, Dominik"]
[Black "Gorusa, Miroslav"]
[Result "1-0"]
[WhiteElo "2083"]
[BlackElo "2136"]
[PlyCount "129"]
[EventDate "2010.??.??"]

1. e4 e5 2. Nf3 Nc6 3. Bb5 a6 4. Ba4 Nf6 5. O-O b5 6. Bb3 Be7 7. Re1 O-O 8. c3
d6 9. h3 Na5 10. Bc2 c5 11. d3 Bb7 12. Nbd2 Re8 13. Nf1 Nc6 14. Ng3 g6 15. a4
Bf8 16. Bg5 Bg7 17. Nh2 h6 18. Be3 Qe7 19. Qd2 Kh7 20. Ng4 Nxg4 21. hxg4 Qe6
22. f3 Ne7 23. Kf2 g5 24. Rh1 f6 25. Rh2 Rh8 26. Rah1 Kg8 27. d4 c4 28. d5 Qd7
29. a5 Kf7 30. Bd1 Bc8 31. Nf5 Nxf5 32. gxf5 Qc7 33. Bb6 Qb7 34. g3 Bd7 35. f4
Rag8 36. Bh5+ Ke7 37. fxe5 fxe5 38. Qd1 Rf8 39. g4 Be8 40. Bxe8 Kxe8 41. Kg3
Kd7 42. Rf2 Rf6 43. Qd2 Rg8 44. Rfh2 Bf8 45. Qf2 Bg7 46. Rh5 Bf8 47. R1h3 Qc8
48. Qd2 Bg7 49. Be3 Qd8 50. Bb6 Qc8 51. Rh2 Bf8 52. Be3 Bg7 53. Bf2 Qd8 54. Qe3
Qxa5 55. Qa7+ Qc7 56. Qxa6 Rb8 57. Rh1 Rff8 58. Qa1 Ra8 59. Qc1 Kc8 60. Rxh6
Bxh6 61. Rxh6 Qg7 62. Rxd6 Rh8 63. Qe3 Ra2 64. Qc5+ Kb8 65. Rb6+ 1-0

[Event "SR 1. liga zapad 2010/2011"]
[Site "?"]
[Date "2011.02.12"]
[Round "6.4"]
[White "Debnar, Lubos"]
[Black "Cibulka, Vladimir"]
[Result "1/2-1/2"]
[WhiteElo "2290"]
[BlackElo "2252"]
[PlyCount "22"]
[EventDate "2010.??.??"]

1. d4 e6 2. c4 f5 3. Nf3 Nf6 4. g3 d5 5. Bg2 c6 6. O-O Be7 7. Nbd2 O-O 8. b3
Ne4 9. Bb2 Nd7 10. Qc2 Nxd2 11. Qxd2 b6 1/2-1/2

[Event "SR 1. liga zapad 2010/2011"]
[Site "?"]
[Date "2011.02.12"]
[Round "6.4"]
[White "Jancovic, Peter"]
[Black "Novotny, Michal"]
[Result "1-0"]
[WhiteElo "2167"]
[BlackElo "2009"]
[PlyCount "95"]
[EventDate "2010.??.??"]

1. d4 d5 2. c4 e6 3. Nc3 Nf6 4. Nf3 Bb4 5. e3 Ne4 6. Bd2 Nxd2 7. Qxd2 c6 8. Bd3
Nd7 9. O-O Bd6 10. e4 dxc4 11. Bxc4 Bc7 12. a4 O-O 13. Rad1 Qe7 14. Rfe1 Rd8
15. Ba2 Nf8 16. Qc2 e5 17. Nxe5 Bxe5 18. dxe5 Rxd1 19. Qxd1 Qxe5 20. Qd8 b5 21.
axb5 cxb5 22. Nd5 Bb7 23. Qe7 Qxe7 24. Nxe7+ Kh8 25. Bxf7 a5 26. e5 Bxg2 27.
Kxg2 Ra7 28. Nd5 Rxf7 29. e6 Nxe6 30. Rxe6 h6 31. Rb6 b4 32. Ra6 Rf5 33. Rxa5
Rg5+ 34. Kf3 Rh5 35. Ra8+ Kh7 36. Nxb4 Rxh2 37. Nd3 h5 38. b4 Rh3+ 39. Ke4 Rh4+
40. f4 Rh1 41. Ra2 h4 42. Rb2 h3 43. Kd4 Kg6 44. b5 Ra1 45. b6 Ra8 46. Rh2 Rd8+
47. Ke4 Rb8 48. Ne5+ 1-0

[Event "SR 1. liga zapad 2010/2011"]
[Site "?"]
[Date "2011.02.12"]
[Round "6.4"]
[White "Kalisky, Vladimir"]
[Black "Maros, Milan"]
[Result "1/2-1/2"]
[WhiteElo "2273"]
[BlackElo "2329"]
[PlyCount "92"]
[EventDate "2010.??.??"]

1. e4 c5 2. c3 Nf6 3. e5 Nd5 4. d4 cxd4 5. Nf3 e6 6. cxd4 d6 7. Nc3 Nxc3 8.
bxc3 Qc7 9. Qb3 Nd7 10. exd6 Bxd6 11. Bd3 b6 12. Ng5 Nf6 13. Ne4 Nxe4 14. Bxe4
Rb8 15. Ba3 O-O 16. Bxd6 Qxd6 17. O-O Bb7 18. Rfe1 Rfc8 19. Bxb7 Rxb7 20. a4
Rbc7 21. Re3 Rc4 22. h3 g6 23. a5 bxa5 24. Qa3 Qxa3 25. Rxa3 a4 26. Re5 Rxc3
27. Rxa4 Rd3 28. Re2 Rc7 29. Rea2 Kg7 30. Rxa7 Rxa7 31. Rxa7 Rxd4 32. Kf1 g5
33. Ke2 h5 34. Ra8 Rb4 35. Rc8 Rb7 36. Re8 h4 37. Ra8 f5 38. Re8 Kf6 39. Rg8
Rg7 40. Ra8 g4 41. Rh8 Kg5 42. hxg4 fxg4 43. Ke3 Ra7 44. Ke4 Ra4+ 45. Ke5 Ra5+
46. Ke4 Ra4+ 1/2-1/2

[Event "SR 1. liga zapad 2010/2011"]
[Site "?"]
[Date "2011.02.12"]
[Round "6.4"]
[White "Pinter, Patrik"]
[Black "Fabian, Jaroslav"]
[Result "0-1"]
[WhiteElo "2189"]
[BlackElo "2202"]
[PlyCount "76"]
[EventDate "2010.??.??"]

1. e4 c5 2. Nf3 d6 3. d4 cxd4 4. Nxd4 Nf6 5. Nc3 Nc6 6. Be2 e6 7. Be3 a6 8. Qd2
Be7 9. O-O-O O-O 10. h3 Nxd4 11. Qxd4 Nd7 12. f4 b5 13. Bf3 Rb8 14. g4 Bb7 15.
h4 Qa5 16. Kb1 b4 17. Ne2 e5 18. Qd2 exf4 19. Bd4 Ne5 20. Qxf4 Nc6 21. g5 Nxd4
22. Nxd4 g6 23. Rhg1 Qe5 24. Qd2 Rfc8 25. Bg4 Rd8 26. Nf3 Qc5 27. Qf4 Bf8 28.
h5 Bg7 29. Rh1 Qc4 30. hxg6 hxg6 31. Rhe1 Re8 32. Qxd6 Bxe4 33. Rxe4 Qxe4 34.
Rg1 Rbd8 35. Qg3 a5 36. Qh3 Qd5 37. Qh1 a4 38. Rc1 a3 0-1

[Event "SR 1. liga zapad 2010/2011"]
[Site "?"]
[Date "2011.02.12"]
[Round "6.4"]
[White "Siroky, Jan"]
[Black "Skreno, Vladimir"]
[Result "1/2-1/2"]
[WhiteElo "2188"]
[BlackElo "2160"]
[PlyCount "27"]
[EventDate "2010.??.??"]

1. e4 c5 2. Nf3 Nc6 3. d4 cxd4 4. Nxd4 e5 5. Nb5 a6 6. Nd6+ Bxd6 7. Qxd6 Qf6 8.
Qa3 Nge7 9. Nc3 Rb8 10. Nd5 Nxd5 11. exd5 Nd4 12. Bd3 d6 13. Be3 O-O 14. O-O
1/2-1/2

[Event "SR 1. liga zapad 2010/2011"]
[Site "?"]
[Date "2011.02.12"]
[Round "6.5"]
[White "Breja, Stanislav"]
[Black "Janos, Jozef"]
[Result "1/2-1/2"]
[WhiteElo "2079"]
[BlackElo "2181"]
[PlyCount "29"]
[EventDate "2010.??.??"]

1. e4 c5 2. c3 Nf6 3. e5 Nd5 4. d4 e6 5. Nf3 cxd4 6. cxd4 Nc6 7. Bc4 Nb6 8. Bb3
d5 9. O-O Be7 10. a3 Bd7 11. Nc3 Na5 12. Bc2 Rc8 13. Qd3 a6 14. b3 Bc6 15. Bd2
1/2-1/2

[Event "SR 1. liga zapad 2010/2011"]
[Site "?"]
[Date "2011.02.12"]
[Round "6.5"]
[White "Certek, Pavel"]
[Black "Oprea, Erik"]
[Result "1-0"]
[WhiteElo "2250"]
[BlackElo "2137"]
[PlyCount "95"]
[EventDate "2010.??.??"]

1. d4 d6 2. c4 c6 3. Nc3 Qc7 4. e4 e5 5. d5 c5 6. f4 exf4 7. Bxf4 a6 8. Nf3 Nd7
9. Bd3 f6 10. Qa4 Rb8 11. h4 g6 12. g4 Kd8 13. g5 Ne5 14. Nxe5 fxe5 15. Bd2 Bd7
16. Qb3 Ne7 17. a4 Nc8 18. Be2 Bg7 19. h5 Be8 20. h6 Bf8 21. Bg4 Be7 22. O-O
Rf8 23. Be6 b6 24. Rxf8 Bxf8 25. Qd1 Bf7 26. Qf3 Ke8 27. Rf1 Rb7 28. Qh3 Na7
29. Rxf7 Qxf7 30. Bxf7+ Rxf7 31. Kg2 Be7 32. Na2 Kd8 33. b4 Rf8 34. bxc5 dxc5
35. Qe6 Nc8 36. a5 Nd6 37. axb6 Nxe4 38. Be3 Bd6 39. Qg4 Nf2 40. Bxf2 Rf4 41.
Qe6 Bb8 42. Qg8+ Ke7 43. Qxb8 Rg4+ 44. Kh3 Rxc4 45. Qc7+ Ke8 46. b7 Rb4 47.
Nxb4 a5 48. b8=Q# 1-0

[Event "SR 1. liga zapad 2010/2011"]
[Site "?"]
[Date "2011.02.12"]
[Round "6.5"]
[White "Janos, Ivan"]
[Black "Vlcek, Stanislav"]
[Result "0-1"]
[WhiteElo "2152"]
[BlackElo "2257"]
[PlyCount "68"]
[EventDate "2010.??.??"]

1. e4 c5 2. Nf3 d6 3. d4 cxd4 4. Nxd4 Nf6 5. Nc3 a6 6. Bg5 e6 7. f4 Nbd7 8. Qf3
Qc7 9. O-O-O b5 10. Bd3 Bb7 11. Rhe1 O-O-O 12. Qg3 Be7 13. Bxf6 gxf6 14. f5
Rdg8 15. Qh3 e5 16. Nd5 Qd8 17. Nb3 Nb6 18. c4 Nxd5 19. exd5 Qb6 20. cxb5 axb5
21. Qf3 h5 22. Kb1 Rg4 23. Be4 Kd7 24. Qe2 Bf8 25. Bf3 Ra4 26. Bxh5 Ke7 27. Bf3
Bh6 28. Rd3 Rha8 29. a3 b4 30. Rd4 bxa3 31. Rxa4 Rxa4 32. Qc2 Rb4 33. Ka2 axb2
34. Re4 Rxb3 0-1

[Event "SR 1. liga zapad 2010/2011"]
[Site "?"]
[Date "2011.02.12"]
[Round "6.5"]
[White "Janos, Martin"]
[Black "Sosovicka, Juraj"]
[Result "1-0"]
[WhiteElo "2246"]
[BlackElo "2159"]
[PlyCount "115"]
[EventDate "2010.??.??"]

1. e4 e5 2. Bc4 Nf6 3. Nf3 Nc6 4. d4 exd4 5. O-O Nxe4 6. Re1 d5 7. Bxd5 Qxd5 8.
Nc3 Qh5 9. Rxe4+ Be6 10. Nxd4 Qxd1+ 11. Nxd1 Nxd4 12. Rxd4 Bc5 13. Rd3 Ke7 14.
Be3 Bxe3 15. Nxe3 Rhd8 16. Rc3 c6 17. Re1 Kf8 18. f4 f6 19. a3 Rd6 20. Kf2 Rad8
21. f5 Bf7 22. g4 Rd2+ 23. Re2 h5 24. h3 hxg4 25. hxg4 Rxe2+ 26. Kxe2 Ke7 27.
Ng2 Rh8 28. Re3+ Kd7 29. Kd3 Rh1 30. Kc3 Rg1 31. Rd3+ Kc7 32. Ne3 Rh1 33. Rd4
Rh3 34. Kd2 Rh2+ 35. Kd3 Rh3 36. Ke4 Rh1 37. Rd2 Rh3 38. Kf4 Rh1 39. Rg2 Rh3
40. g5 Rh4+ 41. Rg4 fxg5+ 42. Kxg5 Rxg4+ 43. Nxg4 Kd6 44. Nf2 c5 45. Ne4+ Kd5
46. Kf4 b5 47. Nc3+ Kc4 48. Ke5 b4 49. Ne4 bxa3 50. Nd6+ Kb4 51. bxa3+ Kxa3 52.
Nxf7 Kb4 53. Nd8 a5 54. Nc6+ Kb5 55. Nxa5 Kxa5 56. c4 Ka4 57. Kd6 Kb4 58. Kd5
1-0

[Event "SR 1. liga zapad 2010/2011"]
[Site "?"]
[Date "2011.02.12"]
[Round "6.5"]
[White "Kubala, Jan"]
[Black "Pinter, Erik"]
[Result "0-1"]
[WhiteElo "2230"]
[BlackElo "2379"]
[PlyCount "100"]
[EventDate "2010.??.??"]

1. e4 c5 2. Nf3 d6 3. d4 cxd4 4. Nxd4 Nf6 5. Nc3 Nc6 6. Bg5 Bd7 7. Qd2 Rc8 8.
O-O-O Nxd4 9. Qxd4 Qa5 10. Be3 a6 11. f4 e5 12. Qd2 Be7 13. Kb1 Rxc3 14. Qxc3
Qxc3 15. bxc3 Nxe4 16. Kb2 exf4 17. Bd4 Rg8 18. Bd3 Bc6 19. Rhf1 g5 20. Rde1 f5
21. h4 Ng3 22. Bf6 Be4 23. Bxe4 fxe4 24. Bxe7 Kxe7 25. Rf3 Kd7 26. Rxg3 fxg3
27. Rxe4 h5 28. c4 Re8 29. Rd4 Re5 30. hxg5 Rxg5 31. Rf4 Ke6 32. Rf8 Ke5 33.
Kc3 Rf5 34. Rh8 Kf4 35. Rh6 Ke3 36. Rxd6 Kf2 37. Rd5 Rf3+ 38. gxf3 g2 39. Rxh5
g1=Q 40. Kb2 Kxf3 41. Rd5 Ke4 42. c3 Qb6+ 43. Kc2 Qe6 44. Rd4+ Ke5 45. Kb2 Qf7
46. Rd5+ Ke6 47. Rd4 Qf1 48. a3 Qe2+ 49. Kb1 Qe1+ 50. Kb2 Qf1 0-1

[Event "SR 1. liga zapad 2010/2011"]
[Site "?"]
[Date "2011.02.12"]
[Round "6.5"]
[White "Pacher, Milan"]
[Black "Castiglione, Mario"]
[Result "1/2-1/2"]
[WhiteElo "2399"]
[BlackElo "2288"]
[PlyCount "169"]
[EventDate "2010.??.??"]

1. e4 d6 2. d4 Nf6 3. Nc3 g6 4. Be3 Bg7 5. Qd2 Ng4 6. Bg5 h6 7. Bh4 Nc6 8. Nf3
g5 9. Bg3 Nf6 10. O-O-O Nh5 11. Bb5 a6 12. Ba4 b5 13. Bb3 Na5 14. Kb1 Nxb3 15.
axb3 b4 16. Ne2 a5 17. d5 e5 18. h4 g4 19. Ne1 f5 20. exf5 Bxf5 21. f4 exf4 22.
Bxf4 Qf6 23. Nd3 a4 24. Be3 axb3 25. Bd4 Qf7 26. Bxg7 Nxg7 27. Nxb4 c5 28. Qe3+
Kd8 29. Nc6+ Kc7 30. Qxb3 Ra6 31. Nc3 Rxc6 32. Qa4 Rb6 33. Qa7+ Rb7 34. Nb5+
Kd8 35. Qa8+ Bc8 36. Nxd6 Rxb2+ 37. Kxb2 Qf6+ 38. Kc1 Qxd6 39. Qa5+ Ke7 40. Qc3
Rg8 41. Rde1+ Kf7 42. Rhf1+ Kg6 43. Re5 Rf8 44. Qd3+ Rf5 45. h5+ Kf6 46. Rexf5+
Nxf5 47. Qe3 Kg7 48. Qe8 Bd7 49. Qd8 Ng3 50. Rf6 Qxf6 51. Qxd7+ Kf8 52. Qc8+
Kf7 53. Qc7+ Ke8 54. Qxg3 Qg5+ 55. Kb2 Qxh5 56. Qe3+ Kd8 57. Qxc5 Qe5+ 58. Kb1
h5 59. Qb6+ Kd7 60. Qc6+ Ke7 61. c4 Qe4+ 62. Kb2 Qxg2+ 63. Kc3 Qg3+ 64. Kd4
Qf4+ 65. Kc5 Qe5 66. Kb6 g3 67. c5 Qb2+ 68. Kc7 g2 69. d6+ Kf7 70. d7 Qe5+ 71.
Qd6 Qxd6+ 72. cxd6 g1=Q 73. d8=Q Qc5+ 74. Kb7 Qb5+ 75. Qb6 Qd7+ 76. Qc7 Ke6 77.
Ka8 Qxd6 78. Qc8+ Kd5 79. Qf5+ Qe5 80. Qd3+ Kc5 81. Qc2+ Kd4 82. Qb2+ Ke4 83.
Qe2+ Kd5 84. Qb5+ Ke6 85. Qe8+ 1/2-1/2

[Event "SR 1. liga zapad 2010/2011"]
[Site "?"]
[Date "2011.02.12"]
[Round "6.5"]
[White "Peitl, Tomas"]
[Black "Schwarz, Dusan"]
[Result "1-0"]
[WhiteElo "2186"]
[BlackElo "2294"]
[PlyCount "71"]
[EventDate "2010.??.??"]

1. Nf3 d5 2. c4 d4 3. e3 Nc6 4. b4 dxe3 5. fxe3 Nxb4 6. d4 e5 7. a3 Nc6 8. d5
e4 9. Nfd2 Ne5 10. Nxe4 Qh4+ 11. Nf2 Bc5 12. Nc3 Nf6 13. Be2 Neg4 14. g3 Qg5
15. Nfe4 Nxe4 16. Nxe4 Qe5 17. Nxc5 Qxa1 18. O-O Nf6 19. Qa4+ Kd8 20. Qb3 Qe5
21. Bb2 Qe7 22. Bd4 b6 23. Nd3 h5 24. Ne5 Bd7 25. c5 Rf8 26. d6 cxd6 27. cxd6
Qxd6 28. Nxf7+ Rxf7 29. Qxf7 Ne8 30. Rd1 Qe7 31. Qd5 Rc8 32. Ba6 Rc2 33. Qa8+
Kc7 34. Qb7+ Kd6 35. Bc3+ Ke6 36. Qd5# 1-0

[Event "SR 1. liga zapad 2010/2011"]
[Site "?"]
[Date "2011.02.12"]
[Round "6.5"]
[White "Petenyi, Tamas"]
[Black "Turna, Stefan"]
[Result "1-0"]
[WhiteElo "2393"]
[BlackElo "2245"]
[PlyCount "51"]
[EventDate "2010.??.??"]

1. e4 c5 2. Nf3 d6 3. d4 cxd4 4. Nxd4 Nf6 5. Nc3 e6 6. g4 a6 7. g5 Nfd7 8. Bg2
b5 9. Be3 Nb6 10. O-O N8d7 11. f4 Bb7 12. f5 e5 13. Ne6 Qb8 14. Qh5 Nc4 15. Bf2
b4 16. Nd5 Bxd5 17. exd5 e4 18. Bxe4 Nde5 19. Bg2 Kd7 20. Nd4 Be7 21. Nc6 Qe8
22. b3 Nd2 23. Nxe5+ dxe5 24. Rfd1 h6 25. Rxd2 hxg5 26. Qg4 1-0

[Event "SR 1. liga zapad 2010/2011"]
[Site "?"]
[Date "2011.02.12"]
[Round "6.6"]
[White "Bezuch, Martin"]
[Black "Machalova, Maria"]
[Result "0-1"]
[WhiteElo "2198"]
[BlackElo "2190"]
[PlyCount "66"]
[EventDate "2010.??.??"]

1. g3 c5 2. Bg2 d5 3. d3 Nc6 4. Nd2 Nf6 5. e3 e5 6. Ne2 Be6 7. a3 Qd7 8. h3 Be7
9. g4 O-O-O 10. Ng3 g6 11. e4 dxe4 12. Ndxe4 Nxe4 13. Nxe4 f5 14. Ng5 Bg8 15.
gxf5 gxf5 16. Bd2 Bf6 17. h4 Bd5 18. Bxd5 Qxd5 19. Rg1 Nd4 20. c4 Qc6 21. Bc3
Bxg5 22. Bxd4 Bxh4 23. Bc3 Rhg8 24. Ke2 Rxg1 25. Qxg1 e4 26. Rd1 exd3+ 27. Rxd3
Qe4+ 28. Re3 Qxc4+ 29. Kf3 Rg8 30. Bg7 Qg4+ 31. Qxg4 fxg4+ 32. Kxg4 Bxf2 33.
Re7 Bd4 0-1

[Event "SR 1. liga zapad 2010/2011"]
[Site "?"]
[Date "2011.02.12"]
[Round "6.6"]
[White "Havlicek, Libor"]
[Black "Federic, Jozef"]
[Result "1/2-1/2"]
[WhiteElo "2330"]
[BlackElo "2283"]
[PlyCount "122"]
[EventDate "2010.??.??"]

1. d4 d5 2. Nf3 c6 3. c4 Nf6 4. g3 Bg4 5. Bg2 e6 6. Ne5 Bf5 7. O-O Be7 8. Nc3
Nbd7 9. Bf4 O-O 10. h3 h6 11. Qd2 Bh7 12. Kh2 Nxe5 13. dxe5 Ne4 14. Nxe4 dxe4
15. Qc3 Qb6 16. Be3 c5 17. Rad1 Rad8 18. Bc1 Rd4 19. Be3 Rdd8 20. a3 Qc7 21.
Bf4 Qb6 22. b3 Rxd1 23. Rxd1 Rd8 24. Rd2 Rxd2 25. Bxd2 Qd8 26. Be3 Qc7 27. b4
Bg6 28. Bf4 Qd8 29. Be3 Qc7 30. b5 b6 31. a4 Bg5 32. Bf4 Bxf4 33. gxf4 Qd8 34.
a5 bxa5 35. Qe3 Qb6 36. Bxe4 Bxe4 37. Qxe4 a4 38. Qf3 Qa5 39. f5 exf5 40. Qxf5
Qc7 41. Kg2 a3 42. Qf3 Qxe5 43. Qxa3 Qe4+ 44. Qf3 Qxc4 45. Qa8+ Kh7 46. Qxa7
Qxb5 47. Qxf7 c4 48. Qf3 Qe5 49. Kf1 Qa1+ 50. Kg2 Qe5 51. Kf1 Qa1+ 52. Kg2 Qd4
53. Qf5+ Kg8 54. e3 Qc3 55. Qd5+ Kh8 56. e4 Qc1 57. e5 Qg5+ 58. Kf1 c3 59. Qc5
Qc1+ 60. Kg2 Qg5+ 61. Kf1 Qc1+ 1/2-1/2

[Event "SR 1. liga zapad 2010/2011"]
[Site "?"]
[Date "2011.02.12"]
[Round "6.6"]
[White "Kolcak, Marek"]
[Black "Bednar, Jan"]
[Result "0-1"]
[WhiteElo "2146"]
[BlackElo "2104"]
[PlyCount "64"]
[EventDate "2010.??.??"]

1. e4 c5 2. Nf3 d6 3. d4 cxd4 4. Nxd4 Nf6 5. Nc3 g6 6. f3 Bg7 7. Be3 O-O 8. Qd2
Nc6 9. g4 a6 10. O-O-O Nxd4 11. Bxd4 b5 12. h4 Be6 13. h5 Rc8 14. Qh2 Qa5 15.
hxg6 fxg6 16. Bxf6 Rxf6 17. e5 Rxf3 18. Qxh7+ Kf8 19. Bd3 Rxc3 20. Rhf1 Rcxd3
21. cxd3 Rf7 22. Qh1 Bxe5 23. d4 Bf6 24. Rd2 Qxa2 25. Qa8+ Kg7 26. Rh1 Qc4+ 27.
Kb1 Rf8 28. Qg2 Bd5 29. Qh3 Qa2+ 30. Kc2 Be4+ 31. Kd1 Qb1+ 32. Ke2 Bxh1 0-1

[Event "SR 1. liga zapad 2010/2011"]
[Site "?"]
[Date "2011.02.12"]
[Round "6.6"]
[White "Machalova, Erika"]
[Black "Hacik, Radomir"]
[Result "1/2-1/2"]
[WhiteElo "2131"]
[BlackElo "2176"]
[PlyCount "53"]
[EventDate "2010.??.??"]

1. d4 d5 2. c4 e6 3. Nc3 Nf6 4. Bg5 Be7 5. e3 O-O 6. Nf3 h6 7. Bh4 b6 8. cxd5
Nxd5 9. Bxe7 Qxe7 10. Nxd5 exd5 11. Bd3 c5 12. dxc5 bxc5 13. O-O Rd8 14. Rc1
Ba6 15. Ne1 d4 16. exd4 cxd4 17. Qf3 Bb7 18. Qf5 g6 19. Qf4 Qg5 20. Qxg5 hxg5
21. Bb5 a6 22. Bc4 Nc6 23. Nd3 Rac8 24. Nc5 Rb8 25. Nxb7 Rxb7 26. Bxa6 Rb6 27.
Bd3 1/2-1/2

[Event "SR 1. liga zapad 2010/2011"]
[Site "?"]
[Date "2011.02.12"]
[Round "6.6"]
[White "Machalova, Veronika"]
[Black "Ruckschloss, Karol"]
[Result "0-1"]
[WhiteElo "2233"]
[BlackElo "2271"]
[PlyCount "98"]
[EventDate "2010.??.??"]

1. e4 e6 2. d3 d5 3. Nd2 Nf6 4. Ngf3 c5 5. g3 Nc6 6. Bg2 Be7 7. O-O b5 8. c3
Bb7 9. Re1 Qc7 10. Qe2 O-O 11. e5 Nd7 12. Nf1 b4 13. h4 a5 14. Bf4 a4 15. a3
bxc3 16. bxc3 Ba6 17. Ne3 Qa5 18. Rec1 Rab8 19. Ng4 Rb3 20. Bd2 c4 21. dxc4
Bxc4 22. Qe3 Bxa3 23. Rxa3 Rxa3 24. Nf6+ Nxf6 25. exf6 gxf6 26. Nh2 Ne5 27. Qh6
Qd8 28. Re1 Nd7 29. g4 Kh8 30. Qh5 Qe7 31. g5 f5 32. Be3 f6 33. Bd4 Qf7 34.
Qxf7 Rxf7 35. Rxe6 Ra1+ 36. Nf1 Kg7 37. h5 a3 38. Re8 a2 39. Ra8 Rd1 40. h6+
Kg6 41. Rg8+ Kh5 42. Bf3+ Kh4 43. gxf6 Rxd4 44. Ne3 Rg4+ 45. Bxg4 fxg4 46.
Rxg4+ Kh5 47. f4 a1=Q+ 48. Kh2 Qb2+ 49. Kg3 Qxc3 0-1

[Event "SR 1. liga zapad 2010/2011"]
[Site "?"]
[Date "2011.02.12"]
[Round "6.6"]
[White "Rohacek, Miroslav"]
[Black "Petran, Peter"]
[Result "1-0"]
[WhiteElo "2277"]
[BlackElo "2330"]
[PlyCount "89"]
[EventDate "2010.??.??"]

1. e4 g6 2. d4 Bg7 3. h4 h5 4. c4 c5 5. d5 d6 6. Bd3 b5 7. cxb5 Nf6 8. Nc3 O-O
9. Nge2 a6 10. Bg5 Nbd7 11. O-O Ne5 12. a4 axb5 13. Bxb5 Ba6 14. Qc2 Qb6 15.
Kh1 Rfc8 16. f3 Rab8 17. Be3 Qb7 18. b3 Ne8 19. Rab1 Nc7 20. Bxa6 Qxa6 21. Bg5
e6 22. Qd2 exd5 23. exd5 Rb4 24. Na2 Rb7 25. f4 Nd3 26. Nac3 f5 27. Rf3 Nb4 28.
Re3 Rbb8 29. Re7 Qb6 30. Re1 Re8 31. Rd7 Nba6 32. Be7 c4 33. Rxd6 Qf2 34. Nd1
c3 35. Ndxc3 Rxe7 36. Rxg6 Kh7 37. Rg5 Qe3 38. Qc2 Nb4 39. Qxf5+ Kg8 40. d6 Rf7
41. dxc7 Rxc7 42. Nd5 Nxd5 43. Qxd5+ Rf7 44. Qd4 Qxb3 45. Ng3 1-0

[Event "SR 1. liga zapad 2010/2011"]
[Site "?"]
[Date "2011.02.12"]
[Round "6.6"]
[White "Sarmir, Milos"]
[Black "Sulek, Viliam"]
[Result "1-0"]
[WhiteElo "2037"]
[BlackElo "2144"]
[PlyCount "51"]
[EventDate "2010.??.??"]

1. Nf3 Nf6 2. d4 g6 3. c4 Bg7 4. Nc3 d5 5. cxd5 Nxd5 6. e4 Nxc3 7. bxc3 O-O 8.
Be2 c5 9. O-O cxd4 10. cxd4 b6 11. Bb2 Bb7 12. Qd3 Nc6 13. Rac1 Qd7 14. Rfd1
Rfd8 15. Qd2 e6 16. d5 exd5 17. Bxg7 Kxg7 18. exd5 Na5 19. d6 Bxf3 20. Bxf3
Rac8 21. Qd4+ Kg8 22. Rxc8 Qxc8 23. Qf6 Re8 24. h3 Qd8 25. d7 Re7 26. Qxe7 1-0

[Event "SR 1. liga zapad 2010/2011"]
[Site "?"]
[Date "2011.02.12"]
[Round "6.6"]
[White "Slapak, Zdenek"]
[Black "Helbich, Branislav"]
[Result "0-1"]
[WhiteElo "2133"]
[BlackElo "2021"]
[PlyCount "80"]
[EventDate "2010.??.??"]

1. c4 e5 2. Nc3 Nf6 3. Nf3 Nc6 4. g3 Bc5 5. d3 h6 6. Bg2 d6 7. O-O Bg4 8. h3
Bf5 9. a3 a5 10. e3 O-O 11. d4 exd4 12. exd4 Ba7 13. Be3 Qd7 14. Kh2 Ne7 15. b4
c6 16. Nh4 Bh7 17. Qd2 d5 18. c5 Bb8 19. Na4 Bc7 20. Nf3 Ne4 21. Qc1 Ng6 22.
Qb2 Rae8 23. Rae1 Qd8 24. Nd2 axb4 25. axb4 f5 26. Nxe4 fxe4 27. b5 Nh4 28.
bxc6 bxc6 29. Ra1 Nxg2 30. Kxg2 Rf3 31. Nb6 Bg6 32. Ra8 Qe7 33. Rxe8+ Bxe8 34.
Qd2 Qf7 35. Qe2 Qh5 36. Re1 Bf7 37. Qa6 Be6 38. Rh1 Rf8 39. Qb7 Qf3+ 40. Kg1
Bxg3 0-1

[Event "SR 1. liga zapad 2010/2011"]
[Site "?"]
[Date "2011.02.12"]
[Round "6.7"]
[White "Orgon, Dusan"]
[Black "Hecko, Dusan"]
[Result "1-0"]
[WhiteElo "2086"]
[BlackElo "2114"]
[Annotator "Fritz 12 (20s)"]
[PlyCount "37"]
[EventDate "2010.??.??"]

{B07: Pirc Defence: Miscellaneous Systems} 1. d4 d6 2. e4 Nf6 3. Nc3 g6 4. Be3
Bg7 5. f3 c6 6. Qd2 Qa5 7. Bd3 Be6 {N} (7... Nbd7) 8. Nge2 a6 9. O-O b5 $2 (
9... Nbd7 $5 $16) 10. Nf4 $18 Bc4 $2 (10... O-O $14) 11. a4 Qb4 $4 {
hruba chyba, ale v prehratej pozicii} (11... b4 12. Bxc4 bxc3 13. Qxc3 Qxc3 14.
bxc3 Bh6 $18) 12. axb5 cxb5 13. b3 e5 14. bxc4 exf4 15. Bxf4 bxc4 16. Rfb1
Qxb1+ 17. Rxb1 cxd3 18. Bxd6 Nc6 19. Qxd3 1-0

[Event "SR 1. liga zapad 2010/2011"]
[Site "?"]
[Date "2011.02.13"]
[Round "7.1"]
[White "Borik, Juraj"]
[Black "Lukac, Roman"]
[Result "1-0"]
[WhiteElo "2206"]
[BlackElo "2163"]
[PlyCount "77"]
[EventDate "2010.??.??"]

1. e4 e5 2. Nf3 Nc6 3. Bb5 a6 4. Ba4 Nf6 5. O-O Be7 6. Re1 b5 7. Bb3 d6 8. c3
O-O 9. h3 Nb8 10. d4 Nbd7 11. Nbd2 Bb7 12. Bc2 Re8 13. Nf1 Bf8 14. Ng3 g6 15.
a4 Bg7 16. Bd3 c6 17. Bg5 h6 18. Bd2 Kh7 19. h4 Nf8 20. Qb3 Qd7 21. Rad1 Ne6
22. h5 Ng4 23. Bb1 exd4 24. e5 Nxe5 25. hxg6+ fxg6 26. Nxd4 bxa4 27. Qc2 Qf7
28. Nxe6 Rxe6 29. f4 Ng4 30. f5 Rxe1+ 31. Bxe1 Kh8 32. fxg6 Qf4 33. Qf5 Qc4 34.
Rd4 Bxd4+ 35. cxd4 Qxd4+ 36. Kh1 Nf6 37. g7+ Kg8 38. Qe6+ Kxg7 39. Nf5+ 1-0

[Event "SR 1. liga zapad 2010/2011"]
[Site "?"]
[Date "2011.02.13"]
[Round "7.1"]
[White "Drtina, Milan"]
[Black "Bombek, Peter"]
[Result "0-1"]
[WhiteElo "2247"]
[BlackElo "2228"]
[PlyCount "97"]
[EventDate "2010.??.??"]

1. e4 e6 2. d4 d5 3. exd5 exd5 4. c4 Nf6 5. Nc3 Bb4 6. a3 Qe7+ 7. Be3 Bxc3+ 8.
bxc3 O-O 9. Bd3 dxc4 10. Bxc4 Ng4 11. Qf3 Nc6 12. Ne2 Na5 13. Ba2 Bd7 14. Nf4
Nxe3 15. Qxe3 Qg5 16. O-O Bb5 17. Rfe1 Rae8 18. Qg3 Qxg3 19. fxg3 Rxe1+ 20.
Rxe1 Re8 21. Rxe8+ Bxe8 22. Nd5 c6 23. Ne3 Kf8 24. Nc4 Nxc4 25. Bxc4 Ke7 26.
Kf2 Kd6 27. Ke3 f6 28. Bd3 h6 29. c4 c5 30. Be4 b6 31. Kd3 Bd7 32. h3 f5 33.
Bf3 g5 34. Kc3 Be8 35. Bb7 Bd7 36. Ba8 Bc6 37. Bxc6 cxd4+ 38. Kxd4 Kxc6 39. Ke5
Kc5 40. Kxf5 Kxc4 41. Kg6 b5 42. Kxh6 a5 43. h4 g4 44. Kg7 b4 45. axb4 a4 46.
h5 a3 47. h6 a2 48. h7 a1=Q+ 49. Kg8 0-1

[Event "SR 1. liga zapad 2010/2011"]
[Site "?"]
[Date "2011.02.13"]
[Round "7.1"]
[White "Janco, Darius"]
[Black "Doucha, Ludvik"]
[Result "0-1"]
[WhiteElo "2083"]
[BlackElo "2099"]
[PlyCount "130"]
[EventDate "2010.??.??"]

1. d4 Nf6 2. c4 g6 3. Nc3 Bg7 4. e4 d6 5. Nf3 O-O 6. Be2 Nc6 7. O-O e5 8. d5
Ne7 9. Ne1 Ne8 10. Be3 f5 11. f3 f4 12. Bf2 g5 13. c5 h5 14. Rc1 Ng6 15. cxd6
cxd6 16. Nb5 a6 17. Na7 Bd7 18. Qb3 Qb8 19. Qb6 Bf6 20. Nc6 bxc6 21. dxc6 Be6
22. a4 Bd8 23. Qxb8 Rxb8 24. Bxa6 Rxb2 25. Nd3 Rb3 26. Rb1 Nc7 27. Nb4 Rxb4 28.
Rxb4 Nxa6 29. Rb7 Bc8 30. Ra7 Bc7 31. Rb1 Bb8 32. Ra8 Ne7 33. Rc1 Bc7 34. Rb1
Kf7 35. Bb6 Bxb6+ 36. Rxb6 Nc5 37. Ra5 Ne6 38. c7 Nxc7 39. Rxd6 Ne8 40. Rh6 Kg7
41. Rb6 Rf6 42. Rb8 Re6 43. Rc5 Nd6 44. a5 Kf7 45. g3 h4 46. Kg2 hxg3 47. hxg3
Ba6 48. Rh8 Ndc8 49. Rh5 Kg6 50. Rh8 Kg7 51. Rd8 Kf7 52. Rh8 Kg7 53. Rh5 Kf6
54. Rh6+ Ng6 55. Rh7 Nce7 56. Rh1 Rd6 57. gxf4 Rd2+ 58. Kg1 exf4 59. Rh5 Rd1+
60. Kh2 Nh4 61. Rh6+ Neg6 62. Rc6+ Kg7 63. Rhxg6+ Nxg6 64. Rxa6 Nh4 65. Kh3 Rg1
0-1